000 01099nam a22003017a 4500
001 9681
003 FISKH
005 20260424135127.0
008 260129b cb ||||| |||| 00| 0 eng d
020 _a9780462001210
040 _aFISKH
_beng
_cFISKH
_dFISKH
050 _aPZ7
082 _a591.7
100 _aDalglish, Cindy
_eAuthor
245 _aBenny Bilby and Nick Numbat /
_cWritten by Cindy Dalglish ; illustrated by Robert Roennfeldt
260 _aSingapore :
_bMarshall Cavendish International ,
_c2008
300 _a16 pages :
_bphotographs ;
_c19 cm
490 _aMy pals are here :
_v14d
505 _aC
520 _aBenny Bilby and Nick Numbat were very good friends. They shared a burrow that had two bedrooms. But there was a problem. Benny slept in the day and was awake at night. Nick slept at night and was awake in the day.
521 8 _a100
_bLexile estimate
521 8 _aC
_bRaz-Plus
650 _aMy pals are here
_vAnimals
650 _aSleeping trouble
_vFriendship
700 _aRoennfeldt, Robert
_eIllustrator
942 _2ddc
_cBK
_n0
999 _c9681
_d9681